| Tag |
First Indicator |
Second Indicator |
Subfields |
| LEADER |
00000cam a2200000 a 4500 |
| 001 |
in00000577709 |
| 005 |
20230821161001.3 |
| 008 |
811023s1981 deua s000 0 eng d |
| 035 |
|
|
|a (OCoLC)07871239
|
| 035 |
|
|
|9 ACP8260AM
|
| 040 |
|
|
|a OLA
|c OLA
|d m/c
|d TXA
|d UtOrBLW
|
| 049 |
1 |
|
|a TXA2
|
| 090 |
|
|
|a GC57.2
|b .D4 no. 12-81
|
| 100 |
1 |
|
|a Philpot, W. D.
|
| 245 |
1 |
0 |
|a Remote sensing of optically shallow vertically inhomogeneous waters :
|b a mathematical model /
|c by W.D. Philpot and S.G. Ackleson.
|
| 264 |
|
1 |
|a Newark :
|b Delaware Sea Grant College Program, University of Delaware,
|c 1981.
|
| 300 |
|
|
|a 22 pages :
|b illustrations ;
|c 28 cm.
|
| 336 |
|
|
|a text
|b txt
|2 rdacontent
|
| 337 |
|
|
|a unmediated
|b n
|2 rdamedia
|
| 338 |
|
|
|a volume
|b nc
|2 rdacarrier
|
| 490 |
1 |
|
|a DEL-SG- ;
|v 12-81
|
| 500 |
|
|
|a Grant NA80AA-D-00106.
|
| 504 |
|
|
|a Bibliography: page 22.
|
| 650 |
|
0 |
|a Water quality
|x Remote sensing
|x Mathematical models.
|
| 710 |
2 |
|
|a University of Delaware.
|
| 730 |
0 |
|
|a Grant NA80AA-D-00106.
|
| 710 |
2 |
|
|a University of Delaware.
|b Sea Grant College Program.
|
| 700 |
1 |
|
|a Ackleson, S. G.
|
| 830 |
|
0 |
|a DEL-SG (Series) ;
|v no. 12-81.
|
| 856 |
4 |
1 |
|z Available freely from the NOAA Institutional Repository
|u https://repository.library.noaa.gov/view/noaa/39857
|t 0
|
| 999 |
|
|
|a MARS
|
| 999 |
f |
f |
|s 8cdbfc75-21c3-3728-bba1-b4cbe543f365
|i 38df26bc-5099-3488-88c9-4eeae21cdcf5
|t 0
|
| 952 |
f |
f |
|p ric
|a Texas A&M University
|b Rellis Campus
|c Joint Library Facility
|d Remote Storage
|t 0
|e GC57.2 .D4 no.12-81
|h Library of Congress classification
|i unmediated -- volume
|m A14809974562
|
| 998 |
f |
f |
|a GC57.2 .D4 no.12-81
|t 0
|l Remote Storage
|